Language testing : a critical survey and practical guide /

Hlavní autor: Baker, David
Jazyk: Angličtina
Vydáno: London : Edward Arnold, 1989
Fyzický popis: 110 s.
Knihy
Uloženo v:
LEADER 00717nam a2200217 4500
001 000991645
003 CZ BrMZK
005 20091015112012.0
007 ta
008 010825s1989 xxk f eng
020 |a 0713165383  |q (brož.) 
040 |a BOA001  |b cze 
080 9 |a 821.111 
100 1 |a Baker, David  |7 pna2008467017  |4 aut 
245 1 0 |a Language testing :  |b a critical survey and practical guide /  |c David Baker 
260 |a London :  |b Edward Arnold,  |c 1989 
300 |a 110 s. 
910 |a BOA001  |b AK-0001.995 
990 |a BK 
991 |b 200908  |y British Council Brno - Czech Republic  |z 000040208  |x 99 
996 7 |b R01430X0391  |c AK-0001.995  |l Anglická knihovna/2.patro  |r ZHR  |n 12  |h TE  |w 000991645  |u 000010  |a 0  |e BOA001  |j MZK50  |s A